| 000 | 00374nam a22001457a 4500 | ||
|---|---|---|---|
| 008 | 250326b |||||||| |||| 00| 0 eng d | ||
| 020 | _a0130974102 | ||
| 050 |
_aPE1417 _b.F86 |
||
| 100 | _aFUNK, W. Robert | ||
| 245 | _aThe Simon & Schuster: Short Prose Reader | ||
| 250 | _a3rd | ||
| 260 |
_aNew Jersey _bPearson Prentice Hall _c2003 |
||
| 300 | _axxxv, 380p. | ||
| 942 | _cBK | ||
| 999 |
_c2721 _d2721 |
||